00781nam a2200193Ia 4500008004100000020002200041041000800063082002000071100001800091245006400109260004100173300001700214365001200231650002600243650002200269906006700291999001900358952021000377210719s2021 xx 000 0 und d a978-93-90473-40-3 aeng a363.340954 PAUE aPAUL (Raghav) aE governance and emerging technology in disaster management aNew DelhibAcademic publishersc2021 aviii,336bPB b575cRs aOther Social Problems aPolitical Science adisaster ; E ; emerging ; governance ; management ; technology c212074d212074 001040708Political ScienceaALbALd2021-03-16eSapna Book House Pvt Ltd, K S Rao Road, Mangalore-575001 | General Annualg575.00l0o363.340954 PAUEp074888r2021-07-19 00:00:00v460.00w2021-07-19yBK